000 00916nam a2200265Ia 4500
003 OSt
005 20220930072807.0
006 a|||||r|||| 00| 0
007 ta
008 220926b |||||||| |||| 00| 0 eng d
024 _a24953
037 _cTheses
040 _aCRL
_cCRL
_beng
041 _2eng
_aeng
100 _aGhorai Shuvro
_9530450
110 _aUniversity of Delhi. Faculty of Medical Sciences. Department of Forensic Medicine
_9522462
245 0 _aEstimation of age from fusion of cranial sutures in male population of Delhi
_b A radiological study
260 _c1998
300 _a62p.
_ap.
_ccm.
650 _aMEDICAL JURISPRUDENCE
_9522463
700 _a Dr N K Aggarwal Supervisor
_9530451
700 _aUniversity of Delhi. Faculty of Medical Sciences. Department of Forensic Medicine
_9522465
942 _cDIS
_2CC
999 _c864326
_d864326